[Event "Klubbmesterskapet 2016 (B)"]
[Site "Ås, Akershus NOR"]
[Date "2016.03.10"]
[Round "7"]
[White "Aalmo, Alexander"]
[Black "Petersen, Rune J"]
[Result "0-1"]
[WhiteElo "1209"]
[BlackElo "860"]
[PlyCount "144"]
[EventDate "2016.01.14"]

1. c4 e5 2. Nc3 Nc6 3. g3 Nf6 4. Bg2 d6 5. e3 Be6 6. Nd5 Be7 7. Ne2 O-O 8. O-O
a5 9. f4 Nb4 10. Nxb4 axb4 11. Qb3 Bg4 12. Re1 c5 13. Bxb7 Ra7 14. Bg2 Bxe2 15.
Rxe2 exf4 16. exf4 Nd7 17. d4 Nb6 18. Qd3 cxd4 19. b3 Bf6 20. Bd2 Re8 21. Be4
g6 22. Bxb4 d5 23. cxd5 Nxd5 24. Bc5 Nc3 25. Ree1 Rxa2 26. Rxa2 Nxa2 27. b4 Nc3
28. Kf2 Nxe4+ 29. Rxe4 Rxe4 30. Qxe4 d3 31. Ke1 d2+ 32. Kd1 Qd7 33. Qa8+ Bd8
34. Qg2 Qa4+ 35. Ke2 d1=Q+ 36. Ke3 Qdb3+ 37. Kf2 Qaa2+ 38. Kg1 Qbb1+ 39. Qf1
Qxf1+ 40. Kxf1 Qc4+ 41. Kg2 Qe2+ 42. Kg1 Qe1+ 43. Kg2 Qd2+ 44. Kg1 f5 45. Kh1
g5 46. fxg5 Bxg5 47. Bg1 Be3 48. b5 Bxg1 49. Kxg1 Qe3+ 50. Kg2 f4 51. gxf4 Qxf4
52. b6 Qe4+ 53. Kg3 Qb7 54. h4 Qxb6 55. Kh3 h5 56. Kg3 Qb4 57. Kh3 Qg4+ 58. Kh2
Qxh4+ 59. Kg2 Qg4+ 60. Kh2 h4 61. Kh1 Qf3+ 62. Kh2 Qf2+ 63. Kh1 Qf1+ 64. Kh2
Qd3 65. Kg2 Qg3+ 66. Kh1 Qf3+ 67. Kh2 Qe4 68. Kh3 Kg7 69. Kh2 Qf5 70. Kg2 h3+
71. Kh2 Qg4 72. Kh1 Qg2# 0-1

[Event "Klubbmesterskapet 2016 (B)"]
[Site "Ås, Akershus NOR"]
[Date "2016.03.10"]
[Round "7"]
[White "Samset, Jon"]
[Black "Heien, Aksel"]
[Result "1-0"]
[WhiteElo "1093"]
[BlackElo "952"]
[PlyCount "40"]
[EventDate "2016.01.14"]

1. c4 Nf6 2. Nc3 d5 3. cxd5 Nxd5 4. e4 Nxc3 5. bxc3 e5 6. Nf3 Nc6 7. Bc4 h6 8.
Qb3 Qf6 9. Ba3 Na5 10. Qb5+ Nc6 11. Bxf8 Rxf8 12. O-O a6 13. Qb2 b5 14. Bd5 Bd7
15. d4 exd4 16. Nxd4 Ke7 17. e5 Qg6 18. e6 Nxd4 19. Bxa8 Nxe6 20. Qa3+ Nc5 1-0

[Event "Klubbmesterskapet 2016 (A)"]
[Site "Ås, Akershus NOR"]
[Date "2016.03.10"]
[Round "8"]
[White "Lea, Per"]
[Black "Olsen, Trygve"]
[Result "1-0"]
[WhiteElo "1543"]
[BlackElo "1291"]
[PlyCount "101"]
[EventDate "2016.01.14"]

1. e4 e5 2. Nf3 Nc6 3. Bc4 h6 4. O-O Nf6 5. Re1 Bc5 6. c3 O-O 7. d4 exd4 8.
cxd4 Bb4 9. Nc3 Bxc3 10. bxc3 Nxe4 11. Bxf7+ Rxf7 12. Rxe4 d5 13. Re3 Bg4 14.
Qd3 Bf5 15. Qe2 Be4 16. Ba3 Qf6 17. Nd2 Bf5 18. Re1 Qg6 19. Nf1 Na5 20. Ng3 Nc4
21. Nxf5 Nxe3 22. Nxe3 Re8 23. Qd2 Qe6 24. Nc2 Qd7 25. Rxe8+ Qxe8 26. Bc1 Rf6
27. Nb4 c6 28. Nd3 Qh5 29. Ne5 Qe8 30. f4 Qh5 31. g3 Qh3 32. Qg2 Qf5 33. a3 Qb1
34. Qb2 Qe4 35. Qd2 b6 36. Qe3 Qb1 37. Kg2 Re6 38. g4 Qc2+ 39. Kg3 Qd1 40. f5
Re8 41. Qf4 Qe1+ 42. Kh3 Qxc3+ 43. Kh4 Qe1+ 44. Kh5 Qc3 45. h4 Rf8 46. Ng6 Re8
47. Ne5 c5 48. f6 Rf8 49. f7+ Rxf7 50. Qxf7+ Kh7 51. Bxh6 1-0

[Event "Klubbmesterskapet 2016 (A)"]
[Site "Ås, Akershus NOR"]
[Date "2016.01.21"]
[Round "8"]
[White "Andersen, Odd"]
[Black "Furnes, Torstein"]
[Result "0-1"]
[WhiteElo "1611"]
[BlackElo "1623"]
[Annotator "Furnes, Torstein"]
[PlyCount "34"]
[EventDate "2016.01.14"]

1. d4 d5 2. Bf4 Nf6 3. Nf3 Bf5 4. h3 e6 5. e3 Bd6 6. Ne5 O-O 7. g4 Be4 8. f3
Bg6 9. h4 h5 10. Nxg6 fxg6 {Så langt har Fritz vurdert det som et jevnt parti
der ingen har hatt noen fordel på mer enn +/-0.3. Men Fritz mener at hvits
følgende trekk er en liten unøyaktighet som fører svarts fordel opp i -0.8.
Hvits bønder på kongefløyen kan bli svake og den hvite kongen står etterhvert
utrygt.} 11. Bd3 $6 $17 Bxf4 12. exf4 Qd6 13. Qe2 $6 $19 {Ifølge Fritz en feil
som fører svarts fordel opp i -2.} (13. g5 Nfd7 14. Nc3 Qxf4 15. Qe2 {var
førstevalget til Fritz.}) 13... Qxf4 14. Rg1 $2 $19 {Tapstrekket. Fritz
foreslår heller trekk som Sc3, Sd2 eller g5.} (14. Qxe6+ $2 Kh8 {ville ikke
vært godt for hvit pga svarts trussel om å spille Te8 i neste trekk.}) 14...
Qc1+ ({Det ville vært sterkere å spille} 14... Qxd4 {som truer både å slå
tårnet på g1 og bonden på b2.}) 15. Qd1 ({Bedre er} 15. Kf2 Qxb2 16. Nd2) 15...
Qe3+ 16. Kf1 Nxg4 17. Nd2 Qf2# 0-1

[Event "Klubbmesterskapet 2016 (A)"]
[Site "Ås, Akershus NOR"]
[Date "2016.03.31"]
[Round "8"]
[White "Johnson, David"]
[Black "Lund, Petter"]
[Result "1-0"]
[WhiteElo "1431"]
[BlackElo "1565"]
[Annotator "Furnes, Torstein"]
[PlyCount "111"]
[EventDate "2016.01.14"]

1. e4 d6 2. Nc3 Nf6 3. Bc4 e6 4. d3 Be7 5. Bb3 Nc6 6. a3 Nd4 7. Ba2 e5 8. h3
Be6 9. Nd5 Nxd5 10. exd5 Bd7 11. c3 Nf5 12. Nf3 O-O 13. O-O Nh4 14. Nxh4 Bxh4
15. Qf3 f5 16. g3 Bg5 17. Bxg5 Qxg5 18. Rae1 f4 19. Kh2 fxg3+ 20. Qxg3 Qd2 21.
Rb1 Rf7 22. Kg1 Raf8 23. f4 Rxf4 24. Rxf4 Rxf4 25. Bc4 Rf6 26. Kh1 Bxh3 27. Rg1
Qh6 (27... Bg4 $3 {gir forsert matt i max 8 trekk. F.eks.} 28. Re1 (28. Qxg4
Rh6+ 29. Qh3 Rxh3#) (28. Rg2 Rf1+ 29. Rg1 Qh6+ 30. Kg2 Rf2+ $3 31. Kxf2 (31.
Qxf2 Qh3#) 31... Qd2+ 32. Kf1 Qe2#) 28... Rf2 29. Re3 Qd1+ 30. Qg1 Bf3+ 31.
Rxf3 Qxf3+ 32. Qg2 Qxg2#) 28. Qh2 Qe3 29. Qg3 Qxg3 ({Svart vinner nå med
løperofferet} 29... Bg2+ $3 {med avgjørende angrep. F.eks.} 30. Qxg2 (30. Rxg2
Rh6+ 31. Rh2 Qxg3) (30. Kxg2 Qe2+ 31. Kh3 Rh6+ 32. Qh4 Qf3+ 33. Rg3 Qh1+ 34.
Kg4 Rxh4+ 35. Kf5 Qf1+) (30. Kh2 Rh6+ 31. Kxg2 Qe2+ 32. Qf2 Rg6+ 33. Kh1 Qxf2)
30... Rh6+ 31. Qh2) ({Sterkt er også} 29... Qh6 30. Qh2 Rf4 31. Rg3 Rf1+ 32.
Rg1 Rf5 33. Rg3 Rh5) 30. Rxg3 Bd7 31. Kg2 Kf7 32. Re3 Rf4 33. Bb3 Kf6 34. Re1
h6 35. Kg3 c5 36. dxc6 Bxc6 37. d4 exd4 38. Kxf4 dxc3 39. bxc3 d5 40. Bd1 Bd7
41. Bf3 Be6 42. Rg1 b6 43. Ke3 Bf7 44. Kd4 h5 45. Rf1 Kg5 46. Bh1 Be6 47. Ke5
Bg4 48. Kxd5 Kh4 49. Kc6 g5 50. Kb7 Bh3 51. Rg1 g4 52. Kxa7 g3 53. Kxb6 Kg4 54.
a4 Kf4 55. a5 Bc8 56. a6 1-0

[Event "Klubbmesterskapet 2016 (A)"]
[Site "Ås, Akershus NOR"]
[Date "2016.03.31"]
[Round "8"]
[White "Fuglseth, Jan"]
[Black "Ruud, Kjetil"]
[Result "1-0"]
[WhiteElo "1477"]
[BlackElo "1392"]
[Annotator "Jan Fuglseth"]
[PlyCount "60"]
[EventDate "2016.01.14"]

1. Nf3 Nf6 2. c4 b5 3. e3 bxc4 4. Bxc4 d5 5. Bb3 Bg4 6. d4 e6 7. Nbd2 Bd6 8.
O-O Nbd7 9. Qe1 Ne4 10. h3 $6 (10. Nxe4 dxe4 11. Nd2) 10... Nxd2 11. Nxd2 Bxh3
12. f4 $2 {Svakt trekk. Bedre var:} (12. gxh3 Qg5+ 13. Kh1 Qh4 14. f4) 12...
Bf5 13. e4 dxe4 14. Nxe4 Bxe4 15. Qxe4 O-O 16. f5 Nf6 17. Qf3 e5 18. Be3 (18.
g4 e4 19. Qg2) 18... e4 19. Qh3 c6 20. Rae1 Rb8 21. Bg5 Rb4 22. Be3 {Hvorfor
ikke Txe4? Nå ble det fordel sort.} Bc7 23. Rc1 Qd6 24. Rc4 Rxc4 25. Bxc4 h5
26. Rd1 Bb6 27. Qh4 Ng4 {Sort spiller hele veien mer presist enn hvit og har
nå avgjørende fordel.} 28. Bf2 Qf4 29. Rf1 {Etter e3 kan hvit nå pakke sammen,
men sort tar et solid tak i springeren, løfter den etter manen og vifter med
den over brettet. Den måtte plasseres et sted og valget falt på:} Nxf2 30. Qxf4
Nh3+ 1-0

[Event "Klubbmesterskapet 2016 (B)"]
[Site "Ås, Akershus NOR"]
[Date "2016.03.31"]
[Round "8"]
[White "Petersen, Rune J"]
[Black "Bø, Martin"]
[Result "0-1"]
[WhiteElo "860"]
[BlackElo "1118"]
[PlyCount "70"]
[EventDate "2016.01.14"]

1. d4 Nf6 2. Nf3 e6 3. e3 d5 4. Bd2 Bd6 5. h3 c5 6. c4 Nc6 7. Nc3 O-O 8. Be2
cxd4 9. exd4 dxc4 10. Bxc4 Na5 11. Be2 a6 12. Be3 b5 13. a3 Bb7 14. b3 Nd5 15.
Nxd5 Bxd5 16. b4 Nc4 17. O-O Nxe3 18. fxe3 Rc8 19. Qd3 Bc4 20. Qd2 Bxe2 21.
Qxe2 Rc3 22. Rfc1 Qc7 23. Qd2 Rc8 24. e4 Rxc1+ 25. Rxc1 Qxc1+ 26. Qxc1 Rxc1+
27. Kf2 Rc3 28. e5 Bc7 29. g4 Rxa3 30. g5 Rb3 31. h4 Bb6 32. Kg3 Bxd4 33. Kg4
Rxb4 34. Kh5 g6+ 35. Kh6 Bc5 0-1

[Event "Klubbmesterskapet 2016 (B)"]
[Site "Ås, Akershus NOR"]
[Date "2016.03.31"]
[Round "8"]
[White "Stensland, Martin"]
[Black "Garmark, Vegard"]
[Result "0-1"]
[WhiteElo "1146"]
[BlackElo "1202"]
[PlyCount "108"]
[EventDate "2016.01.14"]

1. c4 f5 2. Nf3 Nf6 3. Nc3 e6 4. a3 b6 5. e3 Bb7 6. Be2 d6 7. O-O Be7 8. d3 O-O
9. h3 e5 10. b3 Nbd7 11. Ng5 Qc8 12. b4 e4 13. Ne6 Re8 14. dxe4 Nxe4 15. Nxe4
fxe4 16. Nd4 c5 17. bxc5 dxc5 18. Nb5 Qc6 19. Qd5+ Qxd5 20. cxd5 Rf8 21. d6 Bf6
22. Rb1 Ne5 23. Rd1 Rfd8 24. a4 Nf7 25. Bc4 Kf8 26. Nc7 Nxd6 27. Ba2 Ke7 28.
Nxa8 Bxa8 29. Bb2 Bc6 30. Bxf6+ gxf6 31. Bb3 a6 32. Bc2 b5 33. axb5 axb5 34.
Ra1 c4 35. Ra7+ Rd7 36. Ra6 Rc7 37. Rb6 Rc8 38. Ra6 Kd7 39. f3 exf3 40. Bf5+
Kc7 41. Bxc8 Nxc8 42. gxf3 Bxf3 43. Rf1 Bb7 44. Raxf6 Nd6 45. Rh6 Be4 46. Rff6
Bg6 47. Rh4 c3 48. Rf1 c2 49. Rc1 Kc6 50. Rd4 b4 51. Rg4 b3 52. Rxg6 hxg6 53.
Kf2 Kb7 54. Ke2 b2 0-1

[Event "Klubbmesterskapet 2016 (B)"]
[Site "Ås, Akershus NOR"]
[Date "2016.03.31"]
[Round "8"]
[White "Rønbeck, Bjørn"]
[Black "Samset, Jon"]
[Result "1-0"]
[WhiteElo "1115"]
[BlackElo "1093"]
[PlyCount "59"]
[EventDate "2016.01.14"]

1. e4 g6 2. d4 d6 3. Nf3 Bg4 4. Be2 Nf6 5. Nc3 Bg7 6. h3 Bxf3 7. Bxf3 O-O 8. e5
dxe5 9. Bxb7 exd4 10. Ne2 Nbd7 11. Bxa8 Qxa8 12. O-O e5 13. c3 c5 14. cxd4 cxd4
15. b3 Nd5 16. Bb2 f5 17. Ng3 f4 18. Ne4 Kh8 19. Qd3 N5f6 20. Nxf6 Rxf6 21. f3
Qd8 22. Rac1 Rf5 23. Qa6 Qh4 24. Qc8+ Nf8 25. Ba3 d3 26. Rcd1 h6 27. Rxd3 Kh7
28. Bxf8 Rg5 29. Rf2 Rf5 30. Rd7 1-0

[Event "Klubbmesterskapet 2016 (B)"]
[Site "Ås, Akershus NOR"]
[Date "2016.04.10"]
[Round "8"]
[White "Thowsen, Alf Geir"]
[Black "Simonsen, Steinar"]
[Result "0-1"]
[WhiteElo "1175"]
[BlackElo "1240"]
[PlyCount "62"]
[EventDate "2016.01.14"]

1. c4 e6 2. Nc3 Nf6 3. d4 b6 4. Nf3 Bb7 5. Bg5 Be7 6. e3 O-O 7. Bd3 d5 8. cxd5
Nxd5 9. Bxe7 Qxe7 10. Nxd5 exd5 11. O-O Nd7 12. Rc1 Rac8 13. Qc2 Nf6 14. Bf5
Nd7 15. Bxh7+ Kh8 16. Bf5 g6 17. Bh3 c5 18. Qc3 c4 19. Qd2 Kg7 20. Ne5 Bc6 21.
Rc3 f6 22. Nxc6 Rxc6 23. Rfc1 f5 24. g3 Nf6 25. f3 b5 26. b4 Qxb4 27. Qc2 Qe7
28. a3 a5 29. Bf1 b4 30. Qa4 bxc3 31. Qxc6 Qxe3+ 0-1

[Event "Klubbmesterskapet 2016 (A)"]
[Site "Ås, Akershus NOR"]
[Date "2016.04.07"]
[Round "9"]
[White "Kielland-Lund, Jon"]
[Black "Lea, Per"]
[Result "1/2-1/2"]
[WhiteElo "1550"]
[BlackElo "1543"]
[Annotator "Lea, Per"]
[PlyCount "67"]
[EventDate "2016.01.14"]

1. c4 e5 {En delvis nyhet fra min hånd: etter å ha hatt problemer mot 1.c4
gjentatte ganger, fant jeg ut at det var enklest a svare symmetrisk. Men etter
noen stygge nedspillinger har jeg kommet til at jeg må prøve noe annet.Om det
ble så veldig vellykket denne gang, kan nok diskuteres...} 2. Nc3 Nf6 3. Nf3
Nc6 4. g3 Be7 (4... d5 {er det naturlige trekket her; det er viktig å gi hvit
kamp om sentrum}) 5. Bg2 O-O 6. d4 d6 7. d5 ({Her anbefales} 7. O-O {men
Kortsnoj valgte bondeframstøtet i den sovjetske soneturneringa (første trinn
på VM-kvalifisering) i 1964. Partiet ble remis, og Spasskij endte opp i
VM-finalen 1966 hvor han tapte mt Petrosian.}) 7... Nb4 ({Spasskij valgte} 7...
Nb8 {i det ovennevnte partiet, men det strider i mot det jeg oppfatter som
elementære regler. Jeg skulle ha likt å vite hva Spasskij tenkte her.}) (7...
Na5 {har igså vært prøvd, men jeg vurderte det dithen at var greit å ha et
tilgjengelig fluktfelt på a6. Det var forøvrig på a6 at Spasskijs springer
endte opp, etter Sb8-a6-c7-a6.}) 8. a3 Na6 9. O-O c5 10. dxc6 (10. e4) (10. Qc2
) (10. Qd3 {er andre alternativer som sikrer hvit en grei fordel. Etter
teksttrekket får svart løst en del problemer.}) 10... bxc6 11. e4 ({Å åpne
diagonalen med} 11. Nh4 {i stedet for å lukke den, er også en plan, selv om
springeren ikke står helt godt på kanten}) 11... Rb8 12. b4 c5 13. b5 Nc7 14.
Nd2 {Stillingen ser litt "grisete" ut, og jeg kan ikke si at jeg følte meg så
høy i hatten akkurat her. Stockfish påstår til og med at hvis det er noen som
har fordel her, så er det svart. Hvilket noen vil tolke dithen at jeg ikke har
filla av greie på hva jeg driver med.} Nfe8 {Jeg mistenkte at hvit planla et
bondeframstøt med f-bonden, som jeg ville vurdere å møte med 15...f5 eller 15..
.f6} 15. a4 a6 16. Rb1 Na8 {Et heslig trekk. Jeg ville for enhver pris hindre
b-bonden å komme enda lenger fram, men det kunne oppnås på annet vis.} (16...
Ne6 {er både bedre - og ser mer naturlig ut}) 17. Nd5 {Et gullfelt for en
springer! Jeg skjønner godt at hvit ikke ville bytte den ut mot den "halvdøde"
løperen på e7.} Qd7 $2 (17... Nac7 {er nok en bedre plan. Det er ingen grunn
til å prøve å unngå et avbytte av Le7; springeren er mye bedre.}) 18. Bb2 (18.
a5 {for å få to sammenhengende fribønder ser veldig ubehagelig ut for svart.})
18... Bd8 {Alle de 4 lette offiserene på 8. raden - ikke noe vakkert syn!
Springertrekk til f6 eller c7 hadde vært langt bedre} 19. Bc3 Nec7 {Feil
springer!} 20. Ne3 {Nå har hvit opparbeidet seg en solid . og muligens
vinnende, fordel.} Ne6 21. Bh3 $1 {Løperen har sannsynligvis ingen framtid i
diagonalen h1-a8, så da er det like greit å søke andre jaktmarker.} Qe8 22. Nd5
({Etter trekk som} 22. f4) ({eller} 22. a5 {hadde svart virkelig vært ute å
kjøre}) 22... Nac7 23. b6 Nxd5 24. cxd5 Nd4 25. Bxc8 Rxc8 26. Nc4 Qd7 27. Kg2 {
Sannsynligvis for å hindre at svart trenger inn på h3 med madam'en. Men det
ville ikke vært så lett å få andre offiserer med i angrepet: springeren på d4
kan når som helst byttes av. Og da blir Dh3 bare stående off-side.} ({Mer
aggressive forsøk er} 27. f4) ({eller} 27. Bxd4) 27... f5 {Nå er det plutselig
svart som ser sitt snitt til prøve på motspill. To skritt til fram med
f-bonden etter fulgt av Dh3 ville vært litt av en avslutning.} 28. f3 f4 29. a5
Rf6 30. g4 h5 $2 {Et forsøk på å åpne linjene mot hvits konge, men et mer
aggressivt svar hadde stilt svart overfor store problemer.} 31. h3 $2 (31. g5
$1 Rf8 32. h4 {og svart kommer ikke videre}) 31... hxg4 {Med remistilbud, som
ikke uventet ble avslått.} 32. hxg4 Rg6 33. Rg1 ({Å besette h-linja med} 33.
Rh1 {er mer naturlig. Men hvit undervurdere nok sine egne sjanser og vil
heller sikre sin stilling enn å spille på vinst}) 33... Rb8 34. Bd2 {Ikke lett
å se hva løperen har å gjøre der. Trekket ble ledsaget ev et remistibud, som
jeg tok som en ren gavepakke.} (34. Bxd4 cxd4 35. Rh1 {gir klar fordel til
hvit i følge Stockfish}) 1/2-1/2

[Event "Klubbmesterskapet 2016 (A)"]
[Site "Ås, Akershus NOR"]
[Date "2016.04.07"]
[Round "9"]
[White "Olsen, Trygve"]
[Black "Andersen, Odd"]
[Result "0-1"]
[WhiteElo "1291"]
[BlackElo "1611"]
[PlyCount "62"]
[EventDate "2016.01.14"]

1. f4 e5 2. fxe5 d6 3. Nf3 Nc6 4. d3 dxe5 5. e4 Bc5 6. Nbd2 Nf6 7. Nb3 Bb6 8.
c4 Qe7 9. Bd2 Ng4 10. Bg5 Bf2+ 11. Ke2 f6 12. Bd2 Bb6 13. Be1 a5 14. a4 O-O 15.
h3 Ne3 16. Qd2 Be6 17. Rc1 Rfd8 18. c5 Nxf1 19. Kxf1 Bxb3 20. cxb6 cxb6 21. Qc3
Be6 22. Bf2 Nb4 23. Qa3 Qd6 24. Ne1 Rac8 25. Rxc8 Rxc8 26. Be3 Rd8 27. Ke2 Kf7
28. g4 Qc6 29. Rf1 Nc2 (29... Nxd3 30. Nxd3 Qc2+ 31. Bd2 Rxd3) 30. Nxc2 Qxc2+
31. Bd2 Rxd3 0-1

[Event "Klubbmesterskapet 2016 (A)"]
[Site "Ås, Akershus NOR"]
[Date "2016.04.14"]
[Round "9"]
[White "Lund, Petter"]
[Black "Fuglseth, Jan"]
[Result "1-0"]
[WhiteElo "1565"]
[BlackElo "1477"]
[PlyCount "69"]
[EventDate "2016.01.14"]

1. Nf3 d5 2. e3 Nc6 3. d4 Bg4 4. h3 Bh5 5. c4 Nf6 6. Nc3 e6 7. a3 a6 8. b4 Ne4
9. Bb2 Nxc3 10. Bxc3 dxc4 11. Bxc4 Be7 12. O-O O-O 13. Be2 Bg6 14. Qb3 Bd6 15.
Rfd1 Ne7 16. Bd3 Bxd3 17. Rxd3 Nd5 18. Bb2 Nf6 19. Re1 c6 20. e4 Bc7 21. a4 Qe7
22. b5 axb5 23. axb5 c5 24. dxc5 Ba5 25. Re2 Rfd8 26. Rxd8+ Qxd8 27. Bxf6 gxf6
28. Ra2 Qc7 29. Rc2 Qf4 30. Rc4 Bc7 31. g3 Qh6 32. Kg2 Qf8 33. b6 Bd8 34. c6
Ra3 35. Qxa3 1-0

[Event "Klubbmesterskapet 2016 (A)"]
[Site "Ås, Akershus NOR"]
[Date "2016.04.14"]
[Round "9"]
[White "Furnes, Torstein"]
[Black "Johnson, David"]
[Result "1-0"]
[WhiteElo "1623"]
[BlackElo "1431"]
[Annotator "Furnes, Torstein"]
[PlyCount "65"]
[EventDate "2016.01.14"]

1. d4 f5 2. c4 Nf6 3. Nc3 g6 4. Nf3 Bg7 5. Bg5 O-O (5... Ne4) 6. e3 c6 (6...
Ne4) 7. Bd3 d6 8. O-O Qe8 9. e4 Nxe4 10. Nxe4 fxe4 11. Bxe4 Nd7 12. Qd2 Nf6 13.
Bc2 Bg4 14. Nh4 Qf7 15. Bh6 $2 Rae8 ({Svart vinner bonde etter} 15... Bxh6 16.
Qxh6 Be2 17. Rfe1 Ng4 18. Nf5 $1 Bxc4 19. Qg5 e6) 16. Rae1 e6 17. Qg5 Bf5 18.
Nxf5 exf5 19. Bxg7 Qxg7 20. Qf4 Qd7 21. h3 Re7 22. Rxe7 Qxe7 23. Qe3 Qf7 24.
Re1 Re8 25. Qd2 d5 26. cxd5 cxd5 27. Bb3 Re4 28. f3 Re8 29. Re5 b6 30. Qe1 ({
Fritz vil spille} 30. g4 $16 {som truer g5 for å jage vekk springeren som
beskytter d5-bonden.}) 30... Kf8 31. Qb4+ Kg7 32. Qd6 Rc8 $4 ({Fritz anbefaler
} 32... Qf8 33. Qc7+ Qf7 34. Qc6 Rd8 $14 {og svart har nok beskyttelse på
d5-bonden.}) 33. Re7 1-0

[Event "Klubbmesterskapet 2016 (B)"]
[Site "Ås, Akershus NOR"]
[Date "2016.04.18"]
[Round "9"]
[White "Sandvik, Sander"]
[Black "Stensland, Martin"]
[Result "1-0"]
[WhiteElo "1074"]
[BlackElo "1146"]
[Annotator "Sandvik, Sander"]
[PlyCount "79"]
[EventDate "2016.01.14"]

1. e4 Nc6 2. Nf3 e5 3. c3 Nf6 4. d4 exd4 5. e5 Ne4 6. Qe2 Nc5 7. cxd4 Ne6 8. d5
Ned4 9. Nxd4 Nxd4 10. Qe4 {Jeg er nødt til å passe på c2, og likte dette
trekket best.} (10. Qc4) 10... Bb4+ 11. Bd2 (11. Nc3 c5) 11... Bxd2+ 12. Nxd2
c5 13. dxc6 $4 (13. Nc4 O-O 14. Bd3 g6 15. O-O) 13... Nxc6 {Fryktet} (13...
dxc6 14. O-O-O Bf5 15. Qe3 {Nå har situasjonen snudd.}) 14. Nc4 O-O 15. Bd3 {
Utvikling med press.} g6 {Dette må vel til. Skaper svake felter rundt kongen,
men alternativet er ikke nødvendigvis noe bedre.} 16. O-O {Tenkte på:} (16. Nd6
Qa5+ 17. Ke2 Qxe5 18. Qxe5 Nxe5 {Syntes det var riktigere å få kongen i
sikkerhet.}) 16... Re8 17. Qf4 {Tenkte også på:} (17. Nd6 Rxe5 18. Qf4 Qe7 19.
Bc4 {Men valgte å gå for Df4 direkte.}) 17... Rf8 18. Nd6 Ne7 $2 19. Bc4 Kg7 (
19... Nf5 20. Nxf5 gxf5) 20. Qf6+ Kh6 (20... Kg8 21. Nxf7 Rxf7 22. Qxf7+ Kh8
23. Qf6#) 21. Nxf7+ {I tidsnøden så jeg ikke matten, men gikk for den første
varianten jeg så.} (21. g4 Qa5 22. g5+ Kh5 23. Be2+ Kh4 24. Qf4+ Kh3 25. Qg3#)
21... Rxf7 22. Qxf7 d5 23. exd6 Nf5 24. Qc7 {Simplifisering er like greit.} (
24. Rad1 Bd7 (24... Nxd6 $4 25. Qf4+ Qg5)) 24... Qxd6 25. Qxd6 Nxd6 26. Bd3 Bf5
27. Bxf5 Nxf5 28. Rfd1 Re8 29. Kf1 {Ville forhindre Te2.} b5 30. Rac1 Re5 31.
Rd7 a5 32. Rcc7 Kg5 33. Rxh7 Rd5 34. Rhd7 Re5 35. g3 Kg4 36. Rd2 Re4 37. Rc3
Nd4 38. Re3 Nf3 $4 39. Rxe4+ Kf5 40. Rf4+ 1-0

[Event "Klubbmesterskapet 2016 (B)"]
[Site "Ås, Akershus NOR"]
[Date "2016.04.14"]
[Round "9"]
[White "Samset, Jon"]
[Black "Thowsen, Alf Geir"]
[Result "1-0"]
[WhiteElo "1093"]
[BlackElo "1175"]
[Annotator "Furnes, Torstein"]
[PlyCount "50"]
[EventDate "2016.01.14"]

1. Nf3 d5 2. d4 Nf6 3. Nc3 e6 4. Ne5 Nbd7 5. Bf4 c5 6. e3 cxd4 7. exd4 Be7 8.
Bd3 Nxe5 9. Bxe5 O-O 10. Qf3 Bd7 11. g4 h6 12. h4 Ne8 13. Qh3 f6 14. g5 h5 (
14... fxe5 $19) 15. Qf3 g6 (15... fxe5 $19) 16. Bxg6 Ng7 17. gxf6 Bxf6 18. Qe3
Bxe5 19. Qh6 Re8 20. dxe5 Qb6 21. Qh7+ ({Hvit matter med} 21. Bh7+ Kh8 (21...
Kf8 22. Qf6#) 22. Rg1 Re7 23. Bg6+ Kg8 24. Qh7+ Kf8 25. Qh8#) 21... Kf8 22.
Qh8+ Ke7 23. Qxg7+ Kd8 24. Bxe8 Bxe8 25. Qf6+ Kc7 1-0

[Event "Klubbmesterskapet 2016 (B)"]
[Site "Ås, Akershus NOR"]
[Date "2016.04.21"]
[Round "9"]
[White "Simonsen, Steinar"]
[Black "Aalmo, Alexander"]
[Result "1-0"]
[WhiteElo "1248"]
[BlackElo "1200"]
[PlyCount "47"]
[EventDate "2016.01.14"]

1. c4 b6 2. Nc3 Bb7 3. Nf3 Nf6 4. d4 e6 5. g3 Bxf3 6. exf3 c5 7. Bg2 cxd4 8.
Ne2 Qc7 9. Qxd4 Nc6 10. Qd3 Rc8 11. b3 Qe5 12. Rb1 Bc5 13. Bf4 Bb4+ 14. Bd2 Qa5
15. Bxb4 Nxb4 16. Qc3 Nfd5 17. Qxg7 Nd3+ 18. Kf1 Rg8 19. Qxg8+ Ke7 20. Qxc8
Ne3+ 21. fxe3 Qd2 22. Qh8 e5 23. Qxh7 Qxe3 24. Qh4+ 1-0